|
|
|
|
| LEADER |
00000nam0a2200000 4500 |
| 001 |
341354 |
| 005 |
20231102005333.0 |
| 010 |
|
|
|a 9785699481774
|
| 035 |
|
|
|a (RuTPU)RU\TPU\book\369225
|
| 090 |
|
|
|a 341354
|
| 100 |
|
|
|a 20180912d2011 m y0rusy50 ca
|
| 101 |
1 |
|
|a rus
|c eng
|
| 102 |
|
|
|a RU
|
| 105 |
|
|
|a y z 000ay
|
| 200 |
1 |
|
|a Жизнь и удивительные приключения морехода Робинзона Крузо
|e пер. с англ.
|f Д. Дефо
|
| 210 |
|
|
|a Москва
|c Эксмо
|d 2011
|
| 215 |
|
|
|a 256 с.
|
| 225 |
1 |
|
|a Классика в школе
|
| 330 |
|
|
|a Перед вами книга из серии "Классика в школе", в которой собраны все произведения, изучающиеся в начальной школе, средних и старших классах. Не тратьте время на поиски литературных произведений, ведь в этих книгах есть все, что необходимо прочесть по школьной программе: и для чтения в классе, и для внеклассных заданий. Избавьте своего ребенка от длительных поисков и невыполненных уроков. Роман Даниеля Дефо "Робинзон Крузо" изучается в 5 классе.
|
| 606 |
1 |
|
|a Английская литература
|2 stltpush
|3 (RuTPU)RU\TPU\subj\29042
|9 52454
|
| 610 |
1 |
|
|a романы
|
| 610 |
1 |
|
|a приключения
|
| 675 |
|
|
|a 82
|v 4
|
| 700 |
|
1 |
|a Дефо
|b Д.
|c английский писатель
|f 1660-1731
|g Даниель
|2 stltpush
|3 (RuTPU)RU\TPU\pers\9276
|9 1831
|
| 801 |
|
1 |
|a RU
|b 63413507
|c 20180912
|
| 801 |
|
2 |
|a RU
|b 63413507
|c 20200219
|g RCR
|
| 942 |
|
|
|c BK
|